Linear programming
Saved in:
| Main Author: | |
|---|---|
| Format: | Book |
| Language: | English |
| Published: |
Reading, Massachusetts :
Addison-Wesley,
c1962
|
| Series: | Addison-Wesley world student series
|
| Subjects: | |
| Tags: |
Add Tag
No Tags, Be the first to tag this record!
|
MARC
| LEADER | 00000nam a2200000 i 4500 | ||
|---|---|---|---|
| 001 | 1/36024 | ||
| 008 | 941103s1962 eng d | ||
| 035 | |a 1987 |l 10040130 | ||
| 035 | |a 1990 | ||
| 040 | |a GR-MY-UA |b gre |e aacr | ||
| 041 | 0 | |a eng | |
| 082 | 0 | |a 519.72 | |
| 100 | 1 | |a Hadley, G. (George) |d 1930- | |
| 245 | 1 | 0 | |a Linear programming / |c G. Hadley |
| 260 | |a Reading, Massachusetts : |b Addison-Wesley, |c c1962 | ||
| 300 | |a 520 p.; |c 22 cm. | ||
| 490 | 1 | |a Addison-Wesley world student series | |
| 504 | |a Includes index | ||
| 650 | 0 | 0 | |a Linear programming. |
| 830 | 0 | |a Addison-Wesley world student series | |
| 852 | |a INST |b SAMOS |e 19941103 |h 519.72 HAD |p 005300001148 |q 005300001148 |t BK |y 0 | ||
| 852 | |a INST |b SAMOS |e 19941103 |h 519.72 HAD |p 005300002578 |q 005300002578 |t BK |y 0 | ||
| 852 | |a INST |b SAMOS |e 19981019 |h 519.72 HAD |p 005300010327 |q 005300010327 |t BK |y 0 | ||
| 901 | |a BIBL-1998-3 | ||
| 909 | |a Σ |b 007660 | ||
| 909 | |a Σ |b 018454 | ||
| 909 | |a Σ |b 057710 | ||
| 922 | |a 3ΕΛΗ |b 199810 |c ΔΩΡ | ||